00530nam a22001577a 450000500170000001000150001702000300003203500140006203700090007608200080008524500610009326000550015427001100020930000270031970000260034620220218155209.0 aENG-131674 a978-81-952678-4-2c799.00 aEN-115206 bDBAD a428 aFluid Mehanic/cJnana Ranjan Khuntia, J.K. Sandhya Kiran aHyderabadbSunraise International Publishersc2020 a# 326/C, Level-2, Surneni Nilayam Near B K Guda Park, S R NagarbHyderabade500038k4023710657, 238000657 aviii, 392p.c24cm(pbk) aKhuntia, Ranjan Jnana